Bevölkerungsreichste heutige Länder in Jahr 1 n.Chr. - Statistiken

Allgemein
  • Dieses Quiz wurde 9.391 mal gespielt
  • Das Durchschnittsergebnis liegt bei 13 aus 20
Antwortstatistiken
Bevölkerung Land % Korrekt
55 m China
98%
3 m Deutschland
92%
36 m Indien
90%
7 m Italien
90%
5 m Frankreich
88%
3 m Spanien
87%
3 m Japan
81%
4 m Ägypten
79%
8 m Türkei
77%
2 m Griechenland
72%
4 m Iran
71%
2 m Pakistan
58%
2 m Algerien
51%
2 m Indonesien
51%
2 m Syrien
50%
2 m Mexiko
48%
2 m Afghanistan
39%
2 m Bangladesch
34%
2 m Nigeria
31%
2 m Sudan
31%
Keine übereinstimmenden Quizze gefunden
Verteilung der Resultate
Anzahl Personen mit jedem Resultat
Perzentil nach korrekt beantworteten Fragen
Ihre Resultats-Entwicklung
Sie haben dieses Quiz noch nicht gespielt